Štúdium biologických a mechanických vlastností zmesí kyseliny polymliečnej a polyhydroxybutyrátu diplomová práca

Salvato in:
Dettagli Bibliografici
Autore principale: Petrovská, Martina
Natura: Libro
Lingua:slovacco
Pubblicazione: Bratislava STU FCHPT 2016
Accesso online:Visualizza in OPAC
Tags: Aggiungi Tag
Nessun Tag, puoi essere il primo ad aggiungerne!!

MARC

LEADER 00000nam a2200000 a 4500
005 20260127134214.0
008 160714 2016 000 0 slo d
035 |a vtls011566965 
039 9 |y 201607140946  |z mschk03 
040 |a STUSCHK1  |b slo  |c STUSCHK1  |e AACR2 
100 1 |a Petrovská, Martina 
245 1 |a Štúdium biologických a mechanických vlastností zmesí kyseliny polymliečnej a polyhydroxybutyrátu  |b diplomová práca  |c Martina Petrovská 
260 |a Bratislava  |b STU FCHPT  |c 2016 
300 |a 76 s.  |b il.  |c 25 cm 
500 |a Študijný program: prírodné a syntetické polyméry 
500 |a Študijný odbor: chemické technológie 
500 |a Školiace pracovisko: Odd. plastov a kaučuku 
500 |a Evid. číslo: FCHPT-13576-43561 
910 |a SCHK95 
999 |c 6664  |d 6664